| 000 | 00000nam 2200000zi 4500 |
| 001 | 9.893853 |
| 003 | CaOODSP |
| 005 | 20221107173550 |
| 006 | m o d f |
| 007 | cr mn||||||||| |
| 008 | 201120t20192019onca ob f000 0 eng d |
| 040 | |aCaOODSP|beng|erda|cCaOODSP |
| 043 | |an-cn--- |
| 086 | 1 |aM45-114/2019E-PDF |
| 086 | 1 |aM113-3/6-2019E-PDF |
| 245 | 00|aFederal geomatics guidelines for flood mapping. |
| 250 | |aVersion 1.0. |
| 264 | 1|a[Ottawa] : |bNatural Resources Canada : |bPublic Safety Canada, |c2019. |
| 264 | 4|c©2019 |
| 300 | |a1 online resource (43 pages, 14 unnumbered pages) : |billustrations (chiefly colour). |
| 336 | |atext|btxt|2rdacontent |
| 337 | |acomputer|bc|2rdamedia |
| 338 | |aonline resource|bcr|2rdacarrier |
| 490 | 1 |aNatural Resources Canada, general information product ; |v114e |
| 490 | 0 |aFederal flood mapping guidelines series |
| 500 | |aIssued also in French under title: Guide d'orientation fédéral en géomatique sur la cartographie des zones inondables. |
| 504 | |aIncludes bibliographical references. |
| 520 | |a"This document is part of the Federal Flood Mapping Guidelines Series, developed to support individuals and organizations involved in flood mapping activities. … The document serves as a resource for geomatics professionals and flood mapping practitioners, as well as municipal planners involved in flood protection and mitigation activities. Region-specific requirements may be developed by including more detailed procedures at the territorial or provincial level. This document contains the requirements for various types of flood maps as well as guidelines for the associated digital geospatial data. Water depth levels - determined from hydro technical process described within the "Federal Hydrologic and Hydraulic Procedures for Flood Hazard Delineation" document, are applied as input to the flood mapping process, it is recommended that both documents be consulted jointly"--Purpose, page 6. |
| 650 | 0|aFlood control|zCanada. |
| 650 | 0|aFloodplains|zCanada|xMaps. |
| 650 | 0|aDigital mapping. |
| 710 | 1 |aCanada. |bNatural Resources Canada, |eissuing body. |
| 710 | 1 |aCanada. |bPublic Safety Canada, |eissuing body. |
| 775 | 08|tGuide d'orientation fédéral en géomatique sur la cartographie des zones inondables.|w(CaOODSP)9.893855 |
| 830 | #0|aGeneral information product (Canada. Natural Resources Canada)|v114e.|w(CaOODSP)9.822750 |
| 856 | 40|qPDF|s10.63 MB|uhttps://publications.gc.ca/collections/collection_2020/rncan-nrcan/m45/M45-114-2019-eng.pdf |
| 986 | |a299810 |